Estacions de R2 - Statistics

General Stats
  • This quiz has been taken 5 times
  • The average score is 2 of 6
Answers on the Grid
Answers color-coded by a green-red scale on the quiz's grid according to % correct below.
Platja de Castelldefels
Bellvitge Gornal
Placa de Catalunya
Macanet-Massanes
Portbou
Fabra i Puig
Gavà
Viladecans
Sabadell Sud
Sabadell Centre
Martorell Central
La Granada
Sants
La Llagosta
Mollet-Sant Fost
El Masnou
 
Answer Stats
Answer % Correct
Sants
67%
Bellvitge Gornal
33%
La Llagosta
33%
Mollet-Sant Fost
33%
Viladecans
33%
Gavà
0%
No matching quizzes found
Score Distribution
Percent of People with Each Score
Percentile by Number Answered
Your Score History
You have not taken this quiz